000 01741cam a2200493 a 4500
001 21448
003 VRT
005 20260302122515.0
008 240709s1998 xo af br 000 j slo
015 _aSNBA1999/04-01443
020 _a8085568926
_q(brožované)
035 _aSNK000306957
035 _aurn:nbn:sk:snk-amkism
035 _aurn:nbn:sk:snk-am00161y
035 _aA3DE7F93-BC82-4280-9101-DB1F3A086909
039 9 _a202408211435
_bmsnk160
_c202408211430
_dmsnk160
_c202408211430
_dmsnk160
_c202408211425
_dmsnk160
040 _aSNK
_bslo
_cSNK
_eAACR2
041 0 _aslo
044 _axo
_cSK
072 7 _a821.162.4-1
_xSlovenská poézia
_2konspekt
072 7 _a821-93
_xLiteratúra pre deti a mládež (beletria)
_2konspekt
080 _a821.162.4-34
_22011
080 _a82-34:808.1
_22011
080 _a(0.025.2)
_22011
080 _a82-1-053.2
_22011
080 _a82-93-053.4/.5
_22011
100 1 _aMoravčík, Štefan,
_d1943-
_4aut
245 1 0 _aPrešibaný lišiak
_c[ilustrácie: R. Mazal ; text: Š. Moravčík]
260 _aBratislava
_bEurounion Junior
_c1998
300 _a[19] nečíslovaných strán
_bfarebné ilustrácie
_c25 cm
655 7 _aslovenské rozprávky
_2SNKPH
655 7 _aautorské rozprávky
_2SNKPH
655 7 _ailustrované publikácie
_2SNKPH
655 7 _aliteratúra pre deti
_2SNKPH
655 7 _aleporelá
_2SNKPH
655 7 _apoézia pre deti
_2SNKPH
700 1 _aMazal, Rudolf
_4ill
942 _2ddc
_cKLDE
_n0
949 _62889362631
_asavukPV 1611
949 _617A0179788
_asnkSC 97693
_bsnkKSP 1145/99
_s6100:20140925
949 _617A0179790
_asnkSC 97693 D1
_bsnkKSP 1146/99
999 _c21448
_d21448